000 00827nam a2200229Ii 4500
003 JO-AjNU
008 230605s9999||||xx |||||||||||||| ||und||
017 _a4249/11/2012
020 _a978-9957-92-021-0
040 _aJO-AjNU
_bara
_erda
_cJO-AjNU
041 _aara
050 1 4 _aDF214.2013
100 3 _aالنعيمي، فيان موفق؛ م.مشارك ياسر عبد الجواد المشهداني,
_eauthor
_960144
245 0 0 _aتاريخ اليونان والرومان في الشرق الادنى
250 _aط1
264 3 1 _aعمان: دار الفكر ناشرون وموزعون، 2013
300 _a308ص
336 _atext
_btxt
_2rdacontent
337 _aunmediated
_bn
_2rdamedia
338 _avolume
_bnc
_2rdacarrier
650 4 _aالتاريخ القديم-اليونان-الرومان
_960145
999 _aA27105
_c30673
_d30673